00373 a2200109 4500001001000000005001700010008004100027245007600068100002600144773007600170999001700246ART_1374820260410161910.0260409a 10aLas bases teóricas de la planificación regional en América Latina1 aCoraggio, José Luis0 tDemografía y economíag- Vol. XIV, Nº42 (abr./jun. 1980)wREV13200 c26750d26750